[Event "MSU Interuniversity Cup"]
[Site "Moscow"]
[Date "2023.05.17"]
[Round "8.2"]
[White "Simonyan, Latush"]
[Black "Salimova, Asal"]
[Result "1-0"]
[WhiteElo "2094"]
[BlackElo "1709"]
[PlyCount "123"]
[EventDate "2023.05.15"]
[EventType "team (rapid)"]
[EventRounds "9"]
[EventCountry "RUS"]
[SourceTitle "CBM 214 Extra"]
[Source "ChessBase"]
[SourceDate "2023.07.31"]
[SourceVersion "1"]
[SourceVersionDate "2023.07.31"]
[SourceQuality "1"]
[WhiteTeam "Armenia"]
[BlackTeam "Uzbekistan"]
[WhiteTeamCountry "ARM"]
[BlackTeamCountry "UZB"]

1. d4 g6 2. Nf3 Bg7 3. Bf4 c5 4. c3 d6 5. e3 Nc6 6. Nbd2 e5 7. dxe5 dxe5 8. Bg3 Nge7 9. Ne4 Qb6 10. Nd6+ Kf8 11. Bc4 Nd8 12. Nxe5 Qxb2 13. 0-0 Qxc3 14. Rc1 Bxe5 15. Rxc3 Bxc3 16. Ne4 Ba5 17. Be5 Rg8 18. Bc3 Bc7 19. Nf6 Rg7 20. Nd7+ Ke8 21. Nxc5 Rg8 22. Ne4 Kf8 23. Nf6 Rg7 24. Nd5 Nxd5 25. Bxg7+ Kxg7 26. Qxd5 Be6 27. Qd4+ Kg8 28. Rc1 Bb6 29. Qb2 Bxc4 30. Rxc4 Ne6 31. Qc3 Re8 32. Rc8 Bd8 33. g3 b6 34. a4 a5 35. Qe5 Kf8 36. Qh8+ Ke7 37. Qxh7 Ng5 38. Qh4 f6 39. Kg2 Kd7 40. Qg4+ Ne6 41. Ra8 g5 42. Qf5 Kd6 43. Qb5 Rh8 44. Qd3+ Ke7 45. Qe4 Kd6 46. Rc8 Nc7 47. Qb7 Kd7 48. Rb8 Re8 49. Qxb6 Re5 50. Rxd8+ Kxd8 51. Qxf6+ Re7 52. Qxg5 Kd7 53. Qxa5 Re6 54. h4 Ne8 55. Qb5+ Ke7 56. a5 Nd6 57. Qb4 Kd7 58. a6 Re8 59. Qa4+ Kc7 60. h5 Ra8 61. h6 Kb6 62. h7 1-0

[Event "MSU Interuniversity Cup"]
[Site "Moscow"]
[Date "2023.05.15"]
[Round "1.3"]
[White "Simonyan, Latush"]
[Black "Avzalzoda, Ahmad"]
[Result "1-0"]
[WhiteElo "2094"]
[BlackElo "1995"]
[PlyCount "99"]
[EventDate "2023.05.15"]
[EventType "team (rapid)"]
[EventRounds "9"]
[EventCountry "RUS"]
[SourceTitle "CBM 214 Extra"]
[Source "ChessBase"]
[SourceDate "2023.07.31"]
[SourceVersion "1"]
[SourceVersionDate "2023.07.31"]
[SourceQuality "1"]
[WhiteTeam "Armenia"]
[BlackTeam "Tajikistan"]
[WhiteTeamCountry "ARM"]
[BlackTeamCountry "TJK"]

1. e4 e6 2. d4 d5 3. Nd2 c5 4. exd5 exd5 5. Ngf3 Nf6 6. Bb5+ Bd7 7. Bxd7+ Nbxd7 8. 0-0 Be7 9. dxc5 Nxc5 10. Nb3 Nce4 11. Nfd4 Qd7 12. Qf3 0-0 13. Be3 Bd6 14. Rad1 Ng4 15. Bf4 Ne5 16. Bxe5 Bxe5 17. Nf5 Rfe8 18. c3 Rad8 19. Nbd4 g6 20. Ne3 Qa4 21. a3 h5 22. Qe2 Bf4 23. Qf3 Be5 24. Nec2 Qa6 25. Rfe1 Rd6 26. Nb4 Qb6 27. Nxd5 Rxd5 28. Rxe4 Rdd8 29. Rde1 f6 30. b4 Qc7 31. g3 Rf8 32. Ne6 Qxc3 33. R4e3 Qc8 34. Nxf8 Rxf8 35. Qd5+ Kh8 36. Kg2 Rd8 37. Qe4 Kg7 38. f4 Rd4 39. Qf3 Bd6 40. Re8 Qc2+ 41. R1e2 Qc7 42. f5 Be5 43. fxg6 Kxg6 44. Rg8+ Kh7 45. Re8 Kg6 46. Re6 Kg7 47. R2xe5 fxe5 48. Qf6+ Kh7 49. Qg6+ Kh8 50. Rf6 1-0

[Event "EU-ch 19th"]
[Site "Batumi"]
[Date "2018.03.26"]
[Round "9"]
[White "Simonyan, Latush"]
[Black "Shevelev, Arkady"]
[Result "1/2-1/2"]
[WhiteElo "2111"]
[BlackElo "2309"]
[PlyCount "35"]
[EventDate "2018.03.17"]
[EventType "swiss"]
[EventRounds "11"]
[EventCountry "GEO"]
[SourceTitle "CBM 184"]
[Source "ChessBase"]
[SourceDate "2018.05.16"]
[SourceVersion "1"]
[SourceVersionDate "2018.05.16"]
[SourceQuality "1"]

1. e4 c6 2. Nc3 g6 3. d4 d5 4. Nf3 Bg7 5. h3 Nf6 6. e5 Ne4 7. Nxe4 dxe4 8. Ng5 c5 9. c3 cxd4 10. Qxd4 Qc7 11. Bb5+ Nc6 12. Bf4 0-0 13. Bxc6 Qxc6 14. Qxe4 Qa6 15. Qe2 Qa4 16. Qe4 Qa6 17. Qe2 Qa4 18. Qe4 1/2-1/2

[Event "EU-ch 19th"]
[Site "Batumi"]
[Date "2018.03.24"]
[Round "7"]
[White "Belous, Mikhail"]
[Black "Simonyan, Latush"]
[Result "1-0"]
[WhiteElo "2355"]
[BlackElo "2111"]
[PlyCount "61"]
[EventDate "2018.03.17"]
[EventType "swiss"]
[EventRounds "11"]
[EventCountry "GEO"]
[SourceTitle "CBM 184"]
[Source "ChessBase"]
[SourceDate "2018.05.16"]
[SourceVersion "1"]
[SourceVersionDate "2018.05.16"]
[SourceQuality "1"]

1. d4 Nf6 2. c4 g6 3. f3 Bg7 4. e4 d6 5. Nc3 0-0 6. Be3 c5 7. Nge2 Nc6 8. d5 Ne5 9. Ng3 h5 10. Be2 h4 11. Nf1 e6 12. Nd2 exd5 13. cxd5 a6 14. a4 Rb8 15. 0-0 Bd7 16. h3 b5 17. f4 Nc4 18. Bxc4 bxc4 19. Nxc4 Nh5 20. Rf2 Qe7 21. e5 dxe5 22. fxe5 Bxe5 23. Nxe5 Qxe5 24. Bxc5 Rfc8 25. Bd4 Qg5 26. Qd2 Qxd2 27. Rxd2 Bf5 28. d6 Rc6 29. Bf2 Rf8 30. Rad1 g5 31. Nd5 1-0

[Event "EU-ch 19th"]
[Site "Batumi"]
[Date "2018.03.22"]
[Round "6"]
[White "Simonyan, Latush"]
[Black "Tifferet, Shaked"]
[Result "0-1"]
[WhiteElo "2111"]
[BlackElo "2274"]
[PlyCount "44"]
[EventDate "2018.03.17"]
[EventType "swiss"]
[EventRounds "11"]
[EventCountry "GEO"]
[SourceTitle "CBM 184"]
[Source "ChessBase"]
[SourceDate "2018.05.16"]
[SourceVersion "1"]
[SourceVersionDate "2018.05.16"]
[SourceQuality "1"]

1. e4 e5 2. Nf3 Nc6 3. Nc3 Nf6 4. d4 exd4 5. Nxd4 Bb4 6. Nxc6 bxc6 7. Bd3 d5 8. exd5 cxd5 9. 0-0 0-0 10. Bg5 c6 11. Qf3 Rb8 12. h3 Bd6 13. Rab1 Be6 14. Rfe1 h6 15. Bd2 c5 16. Ne2 Ne4 17. Bxe4 dxe4 18. Qxe4 Bd5 19. Qd3 Re8 20. Bf4 Bxf4 21. Nxf4 Qg5 22. f3 Red8 0-1

[Event "EU-ch 19th"]
[Site "Batumi"]
[Date "2018.03.21"]
[Round "5"]
[White "Bosman, Michiel"]
[Black "Simonyan, Latush"]
[Result "1-0"]
[WhiteElo "2398"]
[BlackElo "2111"]
[PlyCount "49"]
[EventDate "2018.03.17"]
[EventType "swiss"]
[EventRounds "11"]
[EventCountry "GEO"]
[SourceTitle "CBM 184"]
[Source "ChessBase"]
[SourceDate "2018.05.16"]
[SourceVersion "1"]
[SourceVersionDate "2018.05.16"]
[SourceQuality "1"]

1. d4 Nf6 2. c4 g6 3. Nc3 Bg7 4. e4 d6 5. Be2 0-0 6. Be3 c5 7. d5 e6 8. Nf3 exd5 9. cxd5 Re8 10. Nd2 Na6 11. 0-0 Nc7 12. a4 b6 13. Bg5 Rb8 14. Bb5 Nxb5 15. axb5 Qc7 16. Qc2 Nh5 17. Nc4 f6 18. Bh4 f5 19. f3 h6 20. Rae1 a6 21. Qb3 f4 22. bxa6 Bxa6 23. g4 fxg3 24. Bxg3 Bxc4 25. Qxc4 1-0

[Event "Yerevan op 2nd"]
[Site "Yerevan"]
[Date "2017.09.27"]
[Round "9"]
[White "Simonyan, Latush"]
[Black "Nugumanov, Bakhtiyar"]
[Result "1-0"]
[WhiteElo "2107"]
[BlackElo "2401"]
[PlyCount "41"]
[EventDate "2017.09.19"]
[EventType "swiss"]
[EventRounds "9"]
[EventCountry "ARM"]
[SourceTitle "EXT 2018"]
[Source "ChessBase"]
[SourceDate "2017.10.13"]
[SourceVersion "1"]
[SourceVersionDate "2017.10.13"]
[SourceQuality "1"]

1. e4 d5 2. exd5 Nf6 3. d4 Nxd5 4. c4 Nb6 5. Nf3 g6 6. Nc3 Bg7 7. c5 Nd5 8. Bc4 Nxc3 9. bxc3 Nc6 10. 0-0 0-0 11. Bg5 Na5 12. Bd3 b6 13. Re1 f6 14. Bf4 Bb7 15. Be4 Bxe4 16. Rxe4 Rf7 17. Qa4 c6 18. Re6 b5 19. Qc2 Qd5 20. Rae1 Bf8 21. h4 1-0

[Event "Yerevan op 2nd"]
[Site "Yerevan"]
[Date "2017.09.25"]
[Round "7"]
[White "Piliposyan, Robert"]
[Black "Simonyan, Latush"]
[Result "0-1"]
[WhiteElo "1773"]
[BlackElo "2107"]
[PlyCount "61"]
[EventDate "2017.09.19"]
[EventType "swiss"]
[EventRounds "9"]
[EventCountry "ARM"]
[SourceTitle "EXT 2018"]
[Source "ChessBase"]
[SourceDate "2017.10.13"]
[SourceVersion "1"]
[SourceVersionDate "2017.10.13"]
[SourceQuality "1"]

1. d4 Nf6 2. Nf3 g6 3. c4 Bg7 4. Nc3 0-0 5. Bf4 c5 6. e3 cxd4 7. exd4 d5 8. Be2 Nc6 9. 0-0 Bg4 10. Ne5 Bxe2 11. Nxe2 dxc4 12. Nxc4 Rc8 13. Rc1 Nd5 14. Be3 b5 15. Na3 Nxe3 16. fxe3 a6 17. Nc2 e5 18. d5 Ne7 19. e4 f5 20. Kh1 Qd6 21. exf5 gxf5 22. Nc3 b4 23. Na4 Bh6 24. Rb1 a5 25. Qe2 Nxd5 26. Rbd1 Qe6 27. Nd4 Qg6 28. Nxf5 Rxf5 29. Rxd5 Rc2 30. Rd8+ Bf8 31. Rxf8+ 0-1

[Event "Yerevan op 2nd"]
[Site "Yerevan"]
[Date "2017.09.24"]
[Round "6"]
[White "Simonyan, Latush"]
[Black "Onyshchuk, Volodymyr"]
[Result "0-1"]
[WhiteElo "2107"]
[BlackElo "2638"]
[PlyCount "132"]
[EventDate "2017.09.19"]
[EventType "swiss"]
[EventRounds "9"]
[EventCountry "ARM"]
[SourceTitle "CBM 180 Extra"]
[Source "ChessBase"]
[SourceDate "2017.10.06"]
[SourceVersion "1"]
[SourceVersionDate "2017.10.06"]
[SourceQuality "1"]

1. e4 d6 2. d4 Nf6 3. Nc3 g6 4. f4 Bg7 5. Nf3 0-0 6. Bd3 Na6 7. 0-0 c5 8. d5 Bg4 9. Bc4 Nc7 10. h3 Bxf3 11. Qxf3 a6 12. a4 b6 13. Qd3 Qc8 14. Bd2 Qb7 15. Rae1 Rad8 16. Kh1 Nd7 17. e5 dxe5 18. f5 Nf6 19. fxg6 hxg6 20. Rxe5 b5 21. axb5 axb5 22. Ba2 c4 23. Qf3 Ncxd5 24. Bg5 Rd7 25. Bxf6 Nxf6 26. Rxb5 Qc7 27. Nd5 Nxd5 28. Rxd5 e6 29. Rxd7 Qxd7 30. Bxc4 Bxb2 31. Bd3 Qe7 32. Qg4 Kg7 33. Rb1 Be5 34. Qe4 Qg5 35. Qf3 Rc8 36. Rf1 Rc7 37. Rb1 Bd6 38. Re1 Ra7 39. Bf1 Ra3 40. Bd3 Ra4 41. Rf1 Rf4 42. Qe2 Rxf1+ 43. Qxf1 Qg3 44. Kg1 Qh2+ 45. Kf2 Bc5+ 46. Ke2 Qe5+ 47. Kd1 Bb4 48. Qf2 f5 49. g4 Bc5 50. Qf3 Kf6 51. gxf5 gxf5 52. Qa8 Kg5 53. Qg2+ Kh6 54. Qa8 Bb4 55. Kc1 Qe1+ 56. Kb2 Qc3+ 57. Ka2 Be7 58. Qa6 Bf6 59. Qb5 Kg5 60. h4+ Kxh4 61. Qc4+ Qxc4+ 62. Bxc4 e5 63. Kb2 e4+ 64. Kc1 Kg3 65. Kd1 Kf2 66. Be2 f4 0-1

[Event "Yerevan Asrian Memorial 10th"]
[Site "Yerevan"]
[Date "2017.06.23"]
[Round "3"]
[White "Simonyan, Latush"]
[Black "Kursova, Maria"]
[Result "1/2-1/2"]
[WhiteElo "2048"]
[BlackElo "2343"]
[PlyCount "52"]
[EventDate "2017.06.21"]
[EventType "swiss"]
[EventRounds "9"]
[EventCountry "ARM"]
[SourceTitle "EXT 2018"]
[Source "ChessBase"]
[SourceDate "2017.10.13"]
[SourceVersion "1"]
[SourceVersionDate "2017.10.13"]
[SourceQuality "1"]

1. e4 c5 2. Nf3 e6 3. d4 cxd4 4. Nxd4 Nc6 5. Nc3 Qc7 6. Be2 a6 7. 0-0 Nf6 8. Be3 Be7 9. f4 d6 10. Qe1 0-0 11. Qg3 Nxd4 12. Bxd4 b5 13. a3 Bb7 14. Rae1 Rad8 15. Kh1 Rd7 16. Bd3 Re8 17. a4 bxa4 18. Nxa4 g6 19. Nb6 Rdd8 20. f5 e5 21. Bg1 Rb8 22. b3 Kg7 23. Nc4 Bc6 24. fxg6 fxg6 25. Ne3 Bxe4 26. Bxe4 Nxe4 1/2-1/2

[Event "Yerevan op 1st"]
[Site "Yerevan"]
[Date "2016.10.06"]
[Round "5"]
[White "Simonyan, Latush"]
[Black "Manukyan, Sargis A"]
[Result "1-0"]
[WhiteElo "1987"]
[BlackElo "2319"]
[PlyCount "125"]
[EventDate "2016.10.02"]
[EventType "swiss"]
[EventRounds "9"]
[EventCountry "ARM"]
[SourceTitle "EXT 2017"]
[Source "ChessBase"]
[SourceDate "2016.10.25"]
[SourceVersion "1"]
[SourceVersionDate "2016.10.25"]
[SourceQuality "1"]

1. e4 c5 2. Nf3 d6 3. d4 cxd4 4. Nxd4 Nf6 5. Nc3 g6 6. Be3 Bg7 7. f3 0-0 8. Qd2 Nc6 9. 0-0-0 d5 10. exd5 Nxd5 11. Nxc6 bxc6 12. Bd4 e5 13. Bc5 Be6 14. Ne4 Re8 15. h4 h6 16. g4 Qc7 17. g5 h5 18. Bc4 Red8 19. Qf2 Nf4 20. Bxe6 Nxe6 21. Bd6 Qa5 22. Kb1 Rd7 23. Rd2 Rad8 24. Rhd1 Qb6 25. Qg3 Nd4 26. Bc5 Qa5 27. Qf2 Qc7 28. c3 Nf5 29. Rxd7 Rxd7 30. Rxd7 Qxd7 31. Kc2 a6 32. b3 Qe6 33. Qe1 f6 34. Bf2 fxg5 35. Nxg5 Qe7 36. Qe4 Qe8 37. Qc4+ Kh8 38. Qxa6 Bf6 39. Ne4 Bxh4 40. Bxh4 Nxh4 41. Qb7 Nf5 42. a4 Qd8 43. Qf7 Qg8 44. Qf6+ Qg7 45. Qxc6 h4 46. a5 Qe7 47. Qxg6 Qd7 48. Qh5+ Kg7 49. Qg5+ Kf7 50. a6 h3 51. a7 Qc8 52. Qf6+ Kg8 53. Qxf5 Qxf5 54. a8Q+ Kg7 55. Qb7+ Kg8 56. Qb8+ Kg7 57. Qc7+ Kg8 58. Qd8+ Kg7 59. Qe7+ Kg6 60. Qh4 Qf8 61. Qg5+ Kh7 62. Nf6+ Kh8 63. Qg6 1-0

[Event "Yerevan op 1st"]
[Site "Yerevan"]
[Date "2016.10.04"]
[Round "3"]
[White "Mikaelyan, Arman"]
[Black "Simonyan, Latush"]
[Result "1/2-1/2"]
[WhiteElo "2449"]
[BlackElo "1987"]
[PlyCount "63"]
[EventDate "2016.10.02"]
[EventType "swiss"]
[EventRounds "9"]
[EventCountry "ARM"]
[SourceTitle "EXT 2017"]
[Source "ChessBase"]
[SourceDate "2016.10.25"]
[SourceVersion "1"]
[SourceVersionDate "2016.10.25"]
[SourceQuality "1"]

1. g3 g6 2. Bg2 Bg7 3. d4 d6 4. e4 e5 5. Ne2 exd4 6. Nxd4 Ne7 7. 0-0 Nbc6 8. Be3 0-0 9. Nc3 Nxd4 10. Bxd4 Nc6 11. Bxg7 Kxg7 12. Qd2 Be6 13. f4 f6 14. Nd5 Qd7 15. b4 Rae8 16. Rae1 a6 17. c4 b6 18. Qc3 a5 19. b5 Bxd5 20. cxd5 Nd8 21. Rf2 Kg8 22. h4 Nb7 23. Kh2 Nc5 24. Qc4 Qf7 25. Qf1 Re7 26. Re3 Qe8 27. Qe2 Qf7 28. Rf1 Qe8 29. Rc1 Qf7 30. Qe1 Rfe8 31. Rcc3 Na4 32. Rc2 1/2-1/2

[Event "Yerevan op 1st"]
[Site "Yerevan"]
[Date "2016.10.02"]
[Round "1"]
[White "Smirnov, Pavel"]
[Black "Simonyan, Latush"]
[Result "1-0"]
[WhiteElo "2584"]
[BlackElo "1987"]
[PlyCount "113"]
[EventDate "2016.10.02"]
[EventType "swiss"]
[EventRounds "9"]
[EventCountry "ARM"]
[SourceTitle "EXT 2017"]
[Source "ChessBase"]
[SourceDate "2016.10.25"]
[SourceVersion "1"]
[SourceVersionDate "2016.10.25"]
[SourceQuality "1"]

1. d4 Nf6 2. c4 g6 3. g3 Bg7 4. Bg2 0-0 5. Nc3 d6 6. Nf3 c6 7. 0-0 Qa5 8. e4 e5 9. h3 Nbd7 10. Re1 Re8 11. d5 cxd5 12. cxd5 b5 13. a3 b4 14. Qa4 Qxa4 15. Nxa4 Rb8 16. Bd2 bxa3 17. Rxa3 Ba6 18. Bc3 Rec8 19. Nd2 Bb5 20. Bf1 Bh6 21. Bxb5 Bxd2 22. Bxd2 Rxb5 23. Rc3 Rxc3 24. Bxc3 Rb3 25. Kg2 Nb6 26. Nxb6 axb6 27. f4 Nd7 28. Ra1 Kf8 29. Ra7 Ke8 30. fxe5 dxe5 31. g4 f6 32. h4 h6 33. Kf2 b5 34. Ke3 Nc5 35. Rc7 Na4 36. Kd3 Nxc3 37. bxc3 Rb2 38. Rg7 g5 39. Rg6 gxh4 40. Rxh6 Ke7 41. Rxh4 Rg2 42. Rh7+ Kf8 43. Rb7 Rg3+ 44. Ke2 Rxc3 45. Rxb5 Rg3 46. d6 Ke8 47. Rb7 Rxg4 48. Kd3 f5 49. Re7+ Kd8 50. exf5 Rd4+ 51. Ke3 Rxd6 52. Rxe5 Rd7 53. Kf4 Re7 54. f6 Ra7 55. Kg5 Ra1 56. f7 Rg1+ 57. Kh4 1-0

[Event "Yerevan Asrian Memorial 8th"]
[Site "Yerevan"]
[Date "2015.06.16"]
[Round "1"]
[White "Grigoryan, Karen H"]
[Black "Simonyan, Latush"]
[Result "1-0"]
[WhiteElo "2590"]
[BlackElo "2080"]
[PlyCount "91"]
[EventDate "2015.06.16"]
[EventType "swiss"]
[EventRounds "9"]
[EventCountry "ARM"]
[SourceTitle "CBM 167 Extra"]
[Source "ChessBase"]
[SourceDate "2015.09.14"]
[SourceVersion "1"]
[SourceVersionDate "2015.09.14"]
[SourceQuality "1"]

1. e4 c5 2. d4 cxd4 3. c3 d5 4. exd5 Qxd5 5. cxd4 Nc6 6. Nf3 e6 7. Nc3 Qd8 8. Bd3 Nf6 9. 0-0 Be7 10. Bg5 0-0 11. Rc1 b6 12. Ne5 Bb7 13. Ba6 Bxa6 14. Nxc6 Qd7 15. Nxe7+ Qxe7 16. Re1 Bb7 17. d5 h6 18. d6 Qd7 19. Bxf6 gxf6 20. Ne4 Bxe4 21. Rxe4 Rac8 22. h3 Kh7 23. Rh4 Qb5 24. Rxc8 Rxc8 25. d7 Rd8 26. Qd2 Qg5 27. Rd4 Qxd2 28. Rxd2 Kg7 29. Kh2 f5 30. Kg3 e5 31. Rd6 Kf8 32. Rd5 f6 33. Kh4 f4 34. Kh5 Ke7 35. f3 Ke6 36. Rd1 f5 37. Kxh6 e4 38. Kg5 Ke5 39. h4 Rg8+ 40. Kh6 Rd8 41. Kg6 e3 42. h5 Ke6 43. h6 Rg8+ 44. Kh5 Rd8 45. h7 Kf6 46. Kh6 1-0

[Event "EU-ch 15th"]
[Site "Yerevan"]
[Date "2014.03.11"]
[Round "8"]
[White "Simonyan, Latush"]
[Black "Bykova, Anastasia"]
[Result "0-1"]
[WhiteElo "1799"]
[BlackElo "2132"]
[PlyCount "166"]
[EventDate "2014.03.03"]
[EventType "swiss"]
[EventRounds "11"]
[EventCountry "ARM"]
[SourceTitle "CBM 160"]
[Source "ChessBase"]
[SourceDate "2014.05.15"]
[SourceVersion "1"]
[SourceVersionDate "2014.05.15"]
[SourceQuality "1"]

1. e4 c6 2. Nc3 d5 3. Nf3 Bg4 4. h3 Bxf3 5. Qxf3 e6 6. d4 Nf6 7. exd5 exd5 8. Bd3 Bd6 9. Bd2 Qe7+ 10. Be3 Nbd7 11. 0-0-0 0-0-0 12. Rde1 Rde8 13. Bd2 Qd8 14. g4 h6 15. h4 Ref8 16. Ne2 Ne8 17. Ng3 g6 18. h5 Ng7 19. Qg2 Qf6 20. hxg6 fxg6 21. Rxh6 Rxh6 22. g5 Rh2 23. Qxh2 Qxf2 24. Qxf2 Rxf2 25. Nh1 Rg2 26. Bxg6 Nf8 27. Bd3 Kd8 28. Rf1 Nge6 29. Nf2 Nxg5 30. Nd1 Nge6 31. Ne3 Rh2 32. Nf5 Bc7 33. c4 dxc4 34. Bxc4 Bb6 35. Bc3 Rh7 36. Re1 Kd7 37. Kc2 Rh5 38. Ne3 Nxd4+ 39. Kc1 Nb5 40. Ng4 Nh7 41. Rd1+ Ke7 42. Be5 Bc7 43. Bxb5 Bxe5 44. Bd3 Nf6 45. Nxf6 Bxf6 46. Re1+ Kd6 47. Re2 b5 48. Kc2 Rc5+ 49. Kb3 Rd5 50. Be4 Rd4 51. Bf5 Be5 52. Kc2 Ra4 53. Kb3 a5 54. Rd2+ Kc5 55. a3 Rf4 56. Bd3 Kb6 57. Kc2 Bd4 58. b3 Rh4 59. Re2 Bc5 60. Kb2 Rh3 61. Rd2 Bd4+ 62. Kc2 Kc5 63. Rg2 Be5 64. Re2 Kd4 65. Re4+ Kd5 66. Re2 Rh4 67. Rd2 Kc5 68. Rg2 Kb6 69. Re2 Bd6 70. Kb2 a4 71. b4 Bxb4 72. axb4 Rxb4+ 73. Kc2 a3 74. Kc3 Rh4 75. Be4 Rh3+ 76. Kc2 c5 77. Bd5 c4 78. Bxc4 bxc4 79. Re5 Rh1 80. Re6+ Kb5 81. Kc3 a2 82. Re5+ Kb6 83. Re6+ Kc7 0-1

[Event "EU-ch 15th"]
[Site "Yerevan"]
[Date "2014.03.08"]
[Round "6"]
[White "Avetisyan, Ashot"]
[Black "Simonyan, Latush"]
[Result "0-1"]
[WhiteElo "2121"]
[BlackElo "1799"]
[PlyCount "68"]
[EventDate "2014.03.03"]
[EventType "swiss"]
[EventRounds "11"]
[EventCountry "ARM"]
[SourceTitle "CBM 160"]
[Source "ChessBase"]
[SourceDate "2014.05.15"]
[SourceVersion "1"]
[SourceVersionDate "2014.05.15"]
[SourceQuality "1"]

1. d4 Nf6 2. c4 g6 3. g3 Bg7 4. Bg2 0-0 5. Nc3 d6 6. Nf3 c6 7. h3 Qa5 8. 0-0 Qa6 9. Qb3 Nbd7 10. Rd1 Nb6 11. Nd2 Be6 12. d5 cxd5 13. cxd5 Bd7 14. e4 Ba4 15. Qb4 Bxd1 16. Bf1 Nfxd5 17. exd5 Bxc3 18. Qxc3 Be2 19. Bg2 Qd3 20. Qc7 Rac8 21. Qxe7 Rxc1+ 22. Rxc1 Qxd2 23. Ra1 Nc4 24. a4 Qxb2 25. Re1 Ne5 26. a5 Qd2 27. Rb1 Bd3 28. Ra1 Qb4 29. Rc1 Ba6 30. Qf6 Qb2 31. Rc7 Be2 32. Qf4 Ba6 33. Qf6 Qa1+ 34. Kh2 Ng4+ 0-1

[Event "EU-ch 15th"]
[Site "Yerevan"]
[Date "2014.03.04"]
[Round "2"]
[White "Simonyan, Latush"]
[Black "Chudinovskih, Alexander N"]
[Result "0-1"]
[WhiteElo "1799"]
[BlackElo "2280"]
[PlyCount "56"]
[EventDate "2014.03.03"]
[EventType "swiss"]
[EventRounds "11"]
[EventCountry "ARM"]
[SourceTitle "CBM 160"]
[Source "ChessBase"]
[SourceDate "2014.05.15"]
[SourceVersion "1"]
[SourceVersionDate "2014.05.15"]
[SourceQuality "1"]

1. e4 e5 2. Nf3 Nc6 3. Nc3 Nf6 4. d4 exd4 5. Nxd4 Bb4 6. Nxc6 bxc6 7. Bd3 d5 8. exd5 cxd5 9. 0-0 0-0 10. Bg5 c6 11. Qf3 h6 12. Bxf6 Qxf6 13. Qxf6 gxf6 14. Ne2 Rb8 15. Rab1 Be6 16. Ng3 Rfe8 17. Nh5 Be7 18. Rfe1 c5 19. Rbd1 c4 20. Be2 Kf8 21. Bf3 Rbd8 22. Re2 d4 23. Red2 Bb4 24. Nxf6 Bxd2 25. Nxe8 c3 26. Nf6 Bf5 27. Ne4 d3 28. g4 Bg6 0-1